<?xml version="1.0" encoding="UTF-8"?>
<record
    xmlns:xsi="http://www.w3.org/2001/XMLSchema-instance"
    xsi:schemaLocation="http://www.loc.gov/MARC21/slim http://www.loc.gov/standards/marcxml/schema/MARC21slim.xsd"
    xmlns="http://www.loc.gov/MARC21/slim">

  <leader>01131nam2a2200265   4500</leader>
  <controlfield tag="001">RU\NLR\bibl\1987163</controlfield>
  <controlfield tag="005">20250616211435.0</controlfield>
  <datafield tag="010" ind1=" " ind2=" ">
    <subfield code="a">978-5-91918-235-1</subfield>
    <subfield code="9">1000</subfield>
  </datafield>
  <datafield tag="021" ind1=" " ind2=" ">
    <subfield code="a">RU</subfield>
    <subfield code="b">2012-96049</subfield>
    <subfield code="9">7110</subfield>
  </datafield>
  <datafield tag="035" ind1=" " ind2=" ">
    <subfield code="a">(NLR Aleph) 001975757</subfield>
  </datafield>
  <datafield tag="090" ind1=" " ind2=" ">
    <subfield code="a">4019226</subfield>
    <subfield code="c">4019226</subfield>
  </datafield>
  <datafield tag="100" ind1=" " ind2=" ">
    <subfield code="a">20130114d2012    |||y0rusy50      ca</subfield>
  </datafield>
  <datafield tag="101" ind1="0" ind2=" ">
    <subfield code="a">rus</subfield>
  </datafield>
  <datafield tag="102" ind1=" " ind2=" ">
    <subfield code="a">RU</subfield>
  </datafield>
  <datafield tag="105" ind1=" " ind2=" ">
    <subfield code="a">y   |||||||||</subfield>
  </datafield>
  <datafield tag="200" ind1="0" ind2=" ">
    <subfield code="a">&#x41A;&#x43D;. 2</subfield>
  </datafield>
  <datafield tag="210" ind1=" " ind2=" ">
    <subfield code="a">&#x421;&#x430;&#x43D;&#x43A;&#x442;-&#x41F;&#x435;&#x442;&#x435;&#x440;&#x431;&#x443;&#x440;&#x433;</subfield>
    <subfield code="c">&#x420;&#x435;&#x43D;&#x43E;&#x43C;&#x435;</subfield>
    <subfield code="d">2012</subfield>
  </datafield>
  <datafield tag="215" ind1=" " ind2=" ">
    <subfield code="a">261, [1] &#x441;.</subfield>
  </datafield>
  <datafield tag="300" ind1=" " ind2=" ">
    <subfield code="a">1-&#x439; &#x43F;&#x43E;&#x434;&#x437;&#x430;&#x433;., &#x443;&#x43A;&#x430;&#x437;. &#x432; &#x43E;&#x431;&#x449;. &#x447;&#x430;&#x441;&#x442;&#x438; &#x441;&#x432;&#x43E;&#x434;. &#x43E;&#x43F;&#x438;&#x441;&#x430;&#x43D;&#x438;&#x44F;, &#x43E;&#x442;&#x441;&#x443;&#x442;&#x441;&#x442;&#x432;&#x443;&#x435;&#x442;</subfield>
  </datafield>
  <datafield tag="461" ind1=" " ind2="0">
    <subfield code="1">001RU\NLR\bibl\1826278</subfield>
    <subfield code="1">2001#$a&#x414;&#x435;&#x432;&#x443;&#x448;&#x43A;&#x438; &#x441;&#x43E; &#x441;&#x442;&#x440;&#x430;&#x43D;&#x43D;&#x43E;&#x441;&#x442;&#x44F;&#x43C;&#x438;$v&#x41A;&#x43D;. 2</subfield>
    <subfield code="9">1949548</subfield>
    <subfield code="a">&#x412;&#x438;&#x41A;&#x438; (&#x43F;&#x441;&#x435;&#x432;&#x434;&#x43E;&#x43D;&#x438;&#x43C; ; 1985-)</subfield>
    <subfield code="c">&#x412;&#x43B;&#x430;&#x434;&#x438;&#x432;&#x43E;&#x441;&#x442;&#x43E;&#x43A;</subfield>
    <subfield code="d">2011</subfield>
    <subfield code="f">&#x412;&#x438;&#x41A;&#x438;</subfield>
    <subfield code="n">&#x438;&#x437;&#x434;&#x430;&#x442;&#x435;&#x43B;&#x44C; &#x41A;&#x438;&#x441;&#x435;&#x43B;&#x435;&#x432;&#x430;</subfield>
    <subfield code="o">&#x438;&#x440;&#x43E;&#x43D;&#x438;&#x447;&#x43D;&#x43E;-&#x44D;&#x440;&#x43E;&#x442;&#x438;&#x447;&#x435;&#x441;&#x43A;&#x438;&#x439; &#x43E;&#x43F;&#x443;&#x441; &#x43E; &#x437;&#x430;&#x433;&#x430;&#x434;&#x43E;&#x447;&#x43D;&#x43E;&#x439; &#x436;&#x435;&#x43D;&#x441;&#x43A;&#x43E;&#x439; &#x434;&#x443;&#x448;&#x435; : [&#x440;&#x43E;&#x43C;&#x430;&#x43D;]</subfield>
    <subfield code="t">&#x414;&#x435;&#x432;&#x443;&#x448;&#x43A;&#x438; &#x441;&#x43E; &#x441;&#x442;&#x440;&#x430;&#x43D;&#x43D;&#x43E;&#x441;&#x442;&#x44F;&#x43C;&#x438;</subfield>
    <subfield code="v">&#x41A;&#x43D;. 2</subfield>
  </datafield>
  <datafield tag="801" ind1=" " ind2="0">
    <subfield code="a">RU</subfield>
    <subfield code="b">NLR</subfield>
    <subfield code="c">20130114</subfield>
    <subfield code="g">RCR</subfield>
  </datafield>
  <datafield tag="801" ind1=" " ind2="1">
    <subfield code="a">RU</subfield>
    <subfield code="b">NLR</subfield>
    <subfield code="c">20130114</subfield>
  </datafield>
  <datafield tag="942" ind1=" " ind2=" ">
    <subfield code="c">BOOK</subfield>
  </datafield>
  <datafield tag="980" ind1=" " ind2=" ">
    <subfield code="a">NB</subfield>
  </datafield>
  <datafield tag="995" ind1=" " ind2=" ">
    <subfield code="5">2013-01-14</subfield>
    <subfield code="a">ad</subfield>
    <subfield code="b">NLR01</subfield>
    <subfield code="c">NLR01</subfield>
    <subfield code="e">RF8</subfield>
    <subfield code="f">1-200480</subfield>
    <subfield code="k">2011-3/11517</subfield>
    <subfield code="o">0</subfield>
    <subfield code="r">BOOK</subfield>
    <subfield code="s">2011311517_</subfield>
  </datafield>
  <datafield tag="995" ind1=" " ind2=" ">
    <subfield code="5">2013-01-14</subfield>
    <subfield code="a">ad</subfield>
    <subfield code="b">NLR01</subfield>
    <subfield code="c">NLR01</subfield>
    <subfield code="e">RF8</subfield>
    <subfield code="f">3803925</subfield>
    <subfield code="k">2011-3/11517</subfield>
    <subfield code="o">0</subfield>
    <subfield code="r">BOOK</subfield>
    <subfield code="s">2011311517_</subfield>
  </datafield>
</record>
